Finančná analýza so zameraním na zadlženosť podnikateľského subjektu bakalárska práca

Salvato in:
Dettagli Bibliografici
Autore principale: Cvachová, Kristina, 1995-
Ente Autore: Národohospodárska fakulta EU. Katedra financií
Altri autori: Jančovičová Bognárová, Kristína, 1979-
Natura: Libro
Lingua:slovacco
Pubblicazione: Bratislava 2018
Tags: Aggiungi Tag
Nessun Tag, puoi essere il primo ad aggiungerne!!

MARC

LEADER 00000nbm a2200000 4500
001 0245939
005 20181213104458.6
041 0 |a slo 
044 |a SK 
245 1 0 |a Finančná analýza so zameraním na zadlženosť podnikateľského subjektu  |b bakalárska práca  |c Kristina Cvachová ; školiteľ: Kristína Jančovičová Bognárová 
264 1 |a Bratislava  |c 2018 
300 |a 48 s. 
100 1 |a Cvachová, Kristina, 1995- 
700 1 |a Jančovičová Bognárová, Kristína, 1979- 
710 2 |a Národohospodárska fakulta EU. Katedra financií